| 000 | 00894nam a2200241 a 4500 | ||
|---|---|---|---|
| 001 | 79625 | ||
| 003 | BD-RjUL | ||
| 005 | 20230616195115.0 | ||
| 008 | 220328s2003 bg |||| m||| 00| 0 eng d | ||
| 035 | _a(BD-RjUL)79625 | ||
| 040 |
_aBD-RjUL _beng _cBD-RjUL _dBD-RjUL |
||
| 041 | _aeng | ||
| 082 |
_a532.0527 _bSUT 2003 _223 |
||
| 100 |
_aSultana, Mst. Shamima _91221 |
||
| 245 |
_aA Theoretical study on some aspects of turbulent flow / _cBy Mst. Shamima Sultana _6Supervisor : M. Shanisul Alam Sarker |
||
| 260 |
_aRajshahi : _bDepartment of Mathematics, University of Rajshahi, _c2003 |
||
| 300 |
_ax, 87 Leaves ; _c29 cm. |
||
| 502 | _aThesis (M. Phil.) -- Department of Mathematics, University of Rajshahi, 2003 | ||
| 504 | _aBibliography : Leaves 84 - 87 | ||
| 650 |
_aTurbulent flow _xFluid mechanics _92094 |
||
| 700 |
_aSarker, M. Shanisul Alam, Supervisor _92095 |
||
| 942 |
_2ddc _cTHE |
||
| 999 |
_c79625 _d79625 |
||